Culture Générale - Série 2464 - Statistiques

Statistiques générales
  • Ce quiz a été pris 181 fois
  • Le résultat moyen est 4 sur 10
Statistiques - réponses
Question Réponse % Correct
Quel fruit est appelé "gariguette" ? fraise
90%
Quel anglicisme désigne un jeune employé d'hôtel, de restaurant, de cercle, chargé de faire les courses. groom
65%
Quel est le 2e album de la série Les Aventures de Tintin ? Tintin au Congo
65%
Un âne,un chien,un chat sont "les Musiciens de Brême" ,un conte de Jacob et Wilhelm Grimm. Quel est le 4°musicien ? coq
30%
Haute coiffure triangulaire de cérémonie portée par les évêques - voir photo mitre
30%
Céder ce que quelqu'un vous avait cédé ou ce qu'on avait acheté pour soi-même - 10 lettres commençant par " r " rétrocéder
29%
Quel est le 1er album de la série Les Aventures de Tintin ? Tintin au pays des Soviets
25%
Quel acteur a incarné pendant six ans la série "Le sang de la vigne" ? prénom et nom Pierre Arditi
22%
Comment appelle-t-on une voiture hippomobile d'origine américaine, à deux roues, avec un seul siège ? sulky
22%
Qui a chanté "L'homme en blanc" en hommage au pape Jean Paul II ? prénom et nom Pierre Bachelet
5%
Aucun quiz correspondant
Distribution des résultats
% des personnes avec chaque résultat
Percentile par nombre de réponses
Votre historique - résultats
Vous n’avez pas pris ce quiz